Horangi : Grand manuel de coréen (notice n° 2028010)

détails MARC
000 -LEADER
fixed length control field 01638cam a2200169 4500500
005 - DATE AND TIME OF LATEST TRANSACTION
control field 20260329082321.0
041 ## - LANGUAGE CODE
Language code of text/sound track or separate title fre
042 ## - AUTHENTICATION CODE
Authentication code dc
100 10 - MAIN ENTRY--PERSONAL NAME
Personal name Ooyoung Pyun, Danielle
Relator term author
245 00 - TITLE STATEMENT
Title Horangi : Grand manuel de coréen
260 ## - PUBLICATION, DISTRIBUTION, ETC.
Name of publisher, distributor, etc. Armand Colin,<br/>
Date of publication, distribution, etc. 2021.<br/>
520 ## - SUMMARY, ETC.
Summary, etc. Voici un manuel de coréen spécifiquement conçu pour vous aider à développer la maîtrise pratique de la langue en situation. Aucune base n'est requise : que vous soyez étudiant, autodidacte, touriste, en voyage d'affaires ou simplement passionné par la culture coréenne, cette méthode en contexte vous donne les clés pour apprendre le coréen tel qu'il est écrit et parlé en Corée aujourd'hui. De l’hôtel au restaurant en passant par le bureau, des dialogues authentiques vous permettront d’étudier en détail les structures du coréen. Les points de grammaire ont été choisis en fonction de leur degré de difficulté et leur fréquence d’usage, pour une immersion progressive dans la langue à l’aide d’exercices corrigés. Des points culturels sur le Chuseok ou le Kimchi vous fourniront conseils et anecdotes tout au long de votre progression. 120 pistes audio téléchargeables en ligne accompagnent l'apprentissage du Hangeul, les dialogues de la vie courante, la prononciation du vocabulaire et les exercices de compréhension orale, pour atteindre sans difficultés le niveau A2-B1 du CECRL.
700 10 - ADDED ENTRY--PERSONAL NAME
Personal name Pyun, Danielle Ooyoung
Relator term author
700 10 - ADDED ENTRY--PERSONAL NAME
Personal name Kim, In-Seok
Relator term author
700 10 - ADDED ENTRY--PERSONAL NAME
Personal name Rusu, Lucile
Relator term author
856 41 - ELECTRONIC LOCATION AND ACCESS
Uniform Resource Identifier <a href="https://shs.cairn.info/horangi--9782200629724?lang=fr&redirect-ssocas=7080">https://shs.cairn.info/horangi--9782200629724?lang=fr&redirect-ssocas=7080</a>

Pas d'exemplaire disponible.

PLUDOC

PLUDOC est la plateforme unique et centralisée de gestion des bibliothèques physiques et numériques de Guinée administré par le CEDUST. Elle est la plus grande base de données de ressources documentaires pour les Étudiants, Enseignants chercheurs et Chercheurs de Guinée.

Adresse

627 919 101/664 919 101

25 boulevard du commerce
Kaloum, Conakry, Guinée

Réseaux sociaux

Powered by Netsen Group @ 2025